[Event "Ciocaltea Memorial"]
[Site "Bucharest"]
[Date "1997.??.??"]
[Round "7"]
[White "Vajda, Levente"]
[Black "Marin, Mihail"]
[Result "0-1"]
[WhiteElo "2435"]
[BlackElo "2545"]
[Annotator "Marin,M"]
[PlyCount "156"]
[EventDate "1997.03.??"]
[EventType "tourn"]
[EventRounds "13"]
[EventCountry "ROU"]
[EventCategory "10"]
[SourceTitle "CBM 060"]
[Source "ChessBase"]
[SourceDate "1997.09.29"]
[SourceVersion "1"]
[SourceVersionDate "1997.09.29"]
[SourceQuality "1"]

1. e4 d6 2. d4 Nf6 3. Nc3 g6 4. g3 Bg7 5. Bg2 O-O 6. Nge2 e5 7. h3 c6 8. a4 a5
9. Be3 Na6 10. O-O (10. dxe5 dxe5 11. Qxd8 Rxd8 12. Bb6 Re8 13. Bxa5 Nd7 {
(/\b6)} 14. Nd1 Nac5 $11) 10... Nb4 11. Qd2 (11. g4 $5 Be6 12. d5 $14 {Vajda,
L-Kaabi, Hungary 1996}) 11... Be6 12. b3 $6 $146 (12. Rad1 d5 (12... Bc4 13.
Rfe1 Qe7 (13... Re8 14. Kh2 Qc7 15. f4 Qe7 16. Nc1 Nh5 17. fxe5 dxe5 18. d5
cxd5 19. Nxd5 Bxd5 20. exd5 Qd6 21. c3 Na6 22. Bf3 Nf6 {1/2-1/2 Barlov,D-Parma,
B/JUG-ch Vrbas 1982/MCD-ch}) 14. b3 Ba6 15. dxe5 dxe5 16. Qc1 Nd7 17. Rd2 Nc5
18. Qd1 b6 19. Nc1 Rad8 {1/2-1/2 Lerner,K-Tal,M/Jurmala 1983/MCD-r8 (43)}) 13.
exd5 Nfxd5 14. Nxd5 Bxd5 15. c3 Bxg2 16. Kxg2 Nd5 17. dxe5 Bxe5 18. Bd4 Bxd4
19. Nxd4 {1/2-1/2 Franzoni,G-Strikovic,A/Erevan olm 1996/EXT 96ch2 (49)}) 12...
d5 $1 $15 13. exd5 (13. dxe5 Nxe4 14. Nxe4 dxe4 {><c2, h3}) 13... Nfxd5 14.
Nxd5 Bxd5 15. Rad1 (15. dxe5 $5) 15... Bxg2 16. Kxg2 Qd5+ 17. Kg1 (17. Kh2 $6 {
><f2}) 17... exd4 18. Bxd4 Bxd4 19. Nxd4 (19. Qxd4 $5 Qxd4 20. Nxd4 Rad8 21. c3
Na2 22. Ne2 Rfe8 23. Rxd8 Rxd8 24. Ra1 Rd2 25. Kf1 Rc2 26. Nd4 Rb2 27. Ne2)
19... Rad8 20. c3 Na6 $1 {><c3,b3} (20... c5 21. Nf3 $1 (21. cxb4 cxd4 22. bxa5
Qxb3) 21... Qxf3 22. Qxd8 Rxd8 23. Rxd8+ Kg7 24. cxb4 axb4 25. Rb1 $15) 21. Qc2
Rfe8 22. Ne2 (22. Rfe1 Qc5 $1 23. Rxe8+ Rxe8 $15 {/\Nc7-d5}) 22... Qh5 23. Rxd8
Rxd8 24. Rd1 Re8 25. Nf4 Qf3 26. Qd3 (26. h4 Kg7 27. h5 Nc5 28. b4 Ne4 29. Re1
Nxg3 $1) 26... Qxd3 27. Nxd3 (27. Rxd3 Nc5 $19) 27... Re2 $17 (27... Rd8 28.
Kf1 Nc5 29. Ke2 $1 Ne4 (29... Nxb3 30. Rb1) 30. Rc1 Re8 31. Kd1 $1) 28. b4 {
/\ <=>} Rc2 29. b5 cxb5 30. axb5 Nc7 31. b6 Ne6 32. Ne5 a4 33. Ra1 $8 Nc5 34.
Ra3 Kf8 35. Kf1 Ke7 36. Nc4 Kd7 37. Ne3 Rb2 38. Nc4 Rb3 (38... Rb1+ 39. Ke2 f6
40. g4 Kc6 $19) 39. Rxb3 Nxb3 $2 $138 (39... axb3 40. Ke2 Kc6 41. f3 Kb5 42.
Nb2 Na4 $19) 40. Ke2 Kc6 41. Kd3 Kc5 42. Na3 Na5 $5 (42... Kxb6 43. Kc4 $132)
43. f4 f5 44. g4 h6 45. g5 $2 (45. gxf5 gxf5 46. h4 (46. Nc2 Nc4 47. Nd4 Nd6
$19) 46... Kd5 (46... h5 47. Nc2 Nc4 48. Nd4 Nd6 49. Ne6+ Kxb6 50. Ng7 $132)
47. c4+ Kc5 48. Kc3) 45... hxg5 46. fxg5 Kd5 $19 47. h4 $8 Ke5 $2 $138 (47...
f4 $1 48. Ke2 Ke6 $3 49. Kf3 (49. Kf2 Kf5 50. Kf3 Ke5) 49... Ke5 $22 $19) 48.
Ke3 f4+ 49. Kf3 Kf5 50. Nb5 Ke5 51. Na3 Kf5 52. Nb5 Nc4 53. Nd4+ Ke5 54. Nc6+
$1 Kd6 55. Nd4 (55. Nb4 Nxb6 56. Kxf4 $4 Nd5+) 55... a3 56. Kxf4 a2 57. Nc2 (
57. Nb3 $5) 57... Nxb6 58. Ke4 Nc4 {/\Nd2-b3} 59. Na1 Ke6 60. Kd3 Nd6 61. Kc2
Kf5 62. Kb2 Kg4 63. Kxa2 Kxh4 64. Kb3 Kxg5 65. c4 Kf4 66. c5 Nf5 (66... Ne4 67.
Kc4 g5 68. Nc2 g4 69. Nd4 $1) 67. Nc2 g5 68. Kb4 g4 69. Kb5 g3 70. Ne1 Nd4+ 71.
Kc4 Ke4 72. Ng2 Nf5 73. Ne1 Ke3 74. Kb5 Ke2 75. Ng2 Kf2 76. Nf4 Kf3 77. Nh3 (
77. Nd3 Nd4+ 78. Kb6 Ne6 $19) 77... Nd4+ 78. Kc4 Ne6 0-1

[Event "Ciocaltea Memorial"]
[Site "Bucharest"]
[Date "1998.??.??"]
[Round "3"]
[White "Yegiazarian, Arsen"]
[Black "Marin, Mihail"]
[Result "0-1"]
[WhiteElo "2455"]
[BlackElo "2545"]
[Annotator "Marin,M"]
[PlyCount "98"]
[EventDate "1998.02.??"]
[EventType "tourn"]
[EventRounds "13"]
[EventCountry "ROU"]
[EventCategory "11"]
[SourceTitle "CBM 064"]
[Source "ChessBase"]
[SourceDate "1998.06.02"]
[SourceVersion "1"]
[SourceVersionDate "1998.06.02"]
[SourceQuality "1"]

1. e4 {Yudasin,L} d6 2. d4 Nf6 3. Bd3 $5 {La continuacion normal} (3. Nc3 {
tiene la desventaja de bloquear el camino al peon c, tanto como exponer el
caballo a ataques tipicos para las Sicilianes b7-b5-b4. 3.Bd3 es una ambiciosa
tentativa de conservar la armonia para el centro blanco (c2-c3, Nb1-d2) pero
las negras pueden aprovechar la pequena violacion de las reglas basicas del
desarrollo (demasiadas jugadas de peones, sacar el alfil antes que el caballo)
para cambiar radicalmente la configuracion central.}) 3... e5 4. c3 d5 $1 5.
dxe5 Nxe4 (5... dxe4 {Yudasin,L} 6. Bb5+ Bd7 7. Bc4 $1 Ng4 8. Bxf7+ $1 Kxf7 9.
e6+ Kxe6 10. Qxg4+ Kf7 11. Qh5+ g6 12. Qd5+ Kg7 13. Bg5 Be7 14. Be3 Bc6 15. Qe6
Re8 16. Ne2 Bc5 17. Qh3 Bxe3 18. fxe3 Qg5 19. O-O Bd7 $10 {Christiansen,
L-Rivas,M/Las Palmas/1993/}) 6. Nf3 {[Las blancas podrian haber ganado un peon
con]} (6. Bxe4 dxe4 7. Qa4+ Bd7 8. Qxe4 {pero despues de} Bc6 9. Qg4 h5 {
las negras tendrian compensacion mas que suficiente, debido al control casi
total de las casillas blancas.}) 6... Nc6 (6... Nc5 {Yudasin,L} 7. Bc2 Bg4 8.
O-O Be7 9. h3 Bh5 10. Nbd2 Nbd7 11. Re1 Ne6 12. Nb3 c6 13. Nbd4 Nxd4 14. cxd4
Nf8 15. Bf5 g6 16. Bc2 g5 17. Bf5 Ne6 18. g4 Bg6 19. Qd3 $36 {Kostyra,
S-Bartosik,O/Warszawa HUN op/1993/}) 7. Nbd2 Nc5 (7... Ng5 {Yudasin,L} 8. Bb5
Bd7 9. Qe2 a6 10. Bxc6 Bxc6 11. Nd4 Bd7 12. O-O Ne6 13. a4 c5 14. Nxe6 Bxe6 15.
f4 Qd7 16. c4 Bf5 17. Ra3 d4 18. Ne4 h5 19. Ng3 Bg4 20. Qe4 $14 {Smirin,
I-Chernin,A/Groningen PCA/1993/}) 8. Bc2 Bg4 9. O-O (9. h3 {Yudasin,L} Bh5 10.
O-O Ne6 (10... Be7 11. Re1 Ne6 12. Nf1 Qd7 13. Ng3 Bg6 14. Bf5 Bd8 15. h4 Bxf5
16. Nxf5 Ne7 17. Ng3 c5 18. Ng5 h6 19. Nxe6 Qxe6 20. Nh5 O-O 21. Nf4 Qc6 22. h5
Bc7 23. Bd2 f6 24. exf6 Qxf6 25. g3 Bxf4 26. Bxf4 Rad8 27. Re5 Qf7 28. Qd3 Nc6
29. Re2 Qxh5 30. Rae1 d4 31. a3 dxc3 32. Qxc3 Nd4 33. Re3 Rf5 34. Kg2 Rdf8 35.
Re5 {Micic,C-Vlatkovic,S/JUG-chT 1994/0-1 (72)}) 11. Re1 Qd7 12. Nb3 Be7 13.
Bf5 Bg6 14. Nfd4 Bxf5 15. Nxf5 O-O-O 16. Be3 f6 17. Nxe7+ Qxe7 18. exf6 Qxf6
19. Nc5 Nxc5 20. Bxc5 Kb8 21. Qd2 b6 22. Be3 a6 23. Rad1 g5 24. b4 Rhe8 25. b5
Na5 26. Bd4 Qf5 27. f3 Nc4 28. Qf2 Qd7 29. a4 Rxe1+ 30. Rxe1 Re8 31. Rxe8+ Qxe8
32. h4 Qe7 33. Qg3 h6 34. Qg4 Kb7 35. bxa6+ Kxa6 36. Qc8+ Ka7 37. Bf2 Nd6 38.
Qg8 Nf7 39. a5 Kb7 40. axb6 cxb6 41. Bg3 Kc6 42. Qa8+ Qb7 43. Qa4+ b5 44. Qg4
Qd7 45. Qd4 Qf5 46. Bf2 Nd6 47. Qc5+ Kd7 48. Qa7+ Ke6 49. Bg3 Qd3 50. Qg7 Nf7
51. Bf2 Qb1+ 52. Kh2 Qf5 53. Be3 Qe5+ 54. Qxe5+ Kxe5 55. g4 Kf6 56. Kg3 Nd8 57.
Bd4+ Kg6 58. f4 gxf4+ 59. Kxf4 Nc6 60. Bc5 Kf6 61. Bd6 Kg6 {1/2-1/2 Strikovic,
A-Vlatkovic,S/JUG-chT 1994}) 9... Be7 (9... d4 {Yudasin,L} 10. h3 Bh5 11. Nb3
dxc3 12. bxc3 Qxd1 13. Rxd1 Bg6 14. Bxg6 hxg6 15. Nfd4 Nxd4 16. cxd4 Na4 17.
Be3 Nc3 18. Rd3 Nd5 19. Na5 O-O-O 20. Rb1 $13 {Tratar,M-Cander,M/SLO-chJ/1992/}
) 10. Re1 (10. Qe1 {Yudasin,L} O-O 11. Nd4 f6 12. h3 Bd7 13. Nxc6 Bxc6 14. b4
Ne4 15. Nxe4 dxe4 16. Bxe4 $1 (16. Qe2 f5 17. b5 Be8 18. Bb3+ Kh8 19. Rd1 Qc8
20. e6 a6 21. bxa6 Rxa6 22. a4 h6 23. Be3 c5 24. Bf4 $14 {Adams,M-Beaumont,C/
BCF-ch 1988/0-1 (86)}) 16... Bb5 17. Bxb7 $1 (17. c4 Bxc4 18. Bxh7+ Kh8 $1)
17... Rb8 18. Be4 fxe5 19. Be3 Bxf1 20. Qxf1 $16 {[%csl Ge4,Re5][%cal Ge4h7,
Ge4a8,Ga1d1]}) 10... Qd7 {[#][Aunque la partida ha comenzado con jugadas
tipicas para la Defensa Pirc, hemos llegado a una de las tabias modernas de la
variante abierta de ... Ruy Lopez, con la unica diferencia que los peones
negros a y b aun ocupan las posiciones iniciales en vez de encontrarse en b5 y
a6. Juzgando desde el punto de vista matematico, esta diferencia (dos tiempos
de menos!) tendria que ser una ruina para las negras, pero no hay que olvidar
que en la Ruy Lopez uno de los planes basicos de las blancas es atacar los
peones negros con a2-a4.]} (10... d4 {Yudasin,L} 11. h3 Bh5 12. Ne4 dxc3 13.
Qxd8+ Rxd8 14. Nf6+ $2 gxf6 15. exf6 Bxf3 16. gxf3 Rd6 $1 (16... Nd3 17. fxe7
Rd6 18. Bxd3 Rxd3 19. bxc3 Rg8+ 20. Kh2 Rxc3 $17 {0-1 Bakhtadze,G-Rowson,J/
EU-chJM U20 1995 (37)}) 17. fxe7 Nd4 $19 18. Be4 $140 Nxe4 (18... Nd3 $5) 19.
Rxe4 f5 $1 {[%csl Re4]}) 11. b4 (11. Nf1 {Yudasin,L} d4 $1 $132 12. b4 (12.
cxd4 Bxf3 13. gxf3 Nxd4 $36) 12... Ne6 (12... d3 $6 13. Bb1 $16) 13. b5 Ncd8
14. Bb2 dxc3 (14... Qxb5 $4 15. Ba4 $18) (14... c5 15. cxd4 cxd4 16. a4 O-O 17.
h3 $14) 15. Qxd7+ Kxd7 16. Bxc3 Bxf3 17. gxf3 a6 $132 18. bxa6 (18. a4 Bc5 $13)
(18. Rad1+ $5 Kc8 19. a4 $13) 18... Rxa6 19. Ne3 Bc5 20. a4 Kc8 21. Bd3 Ra7 22.
a5 Bd4 $1 $15 23. Rec1 Bxc3 24. Rxc3 Nd4 (24... Nf4 $5 {/\Nde6,ק}) 25. f4 N8e6
26. a6 (26. f5 $6 Nf4 {/\Nf3,Ne2}) 26... Nxf4 27. axb7+ Kxb7 $6 (27... Rxb7
$142 $5 28. Ra8+ Rb8 $17) 28. Be4+ (28. Rxa7+ Kxa7 29. Rxc7+ $2 Kb8 30. Rd7
Nf3+ $19 {/\Ne5}) 28... c6 29. Rb1+ Kc7 30. Rc4 $132 Rd8 31. Kf1 Rb7 32. Rd1
Nfe6 {1/2-1/2 Smirin,I-Dorfman,J/Tilburg rapid20 1993}) 11... Ne6 12. Nb3 a5 {
[Parece que los papeles se han inversados: las blancas intentan ganar espacio
en el flanco de dama, mientras que las negras contraatacan con el peon lateral.
..]} (12... O-O-O {Yudasin,L} 13. b5 Nb8 14. Nbd4 (14. a4 $5) 14... Nxd4 15.
Qxd4 c5 16. bxc6 Nxc6 17. Qf4 Be6 18. Nd4 Nxd4 19. cxd4 Kb8 20. Bd2 Rc8 21. Bd3
Qa4 22. Reb1 a6 23. a3 Ka7 24. Bb4 Qd7 25. Qd2 Rc6 26. Rb2 Rhc8 27. Rab1 Bxb4
28. axb4 Qc7 {1/2-1/2 Pinski,J-Cyborowski,L/EU-chJM U16 1995}) 13. b5 Ncd8 14.
a4 c5 15. h3 {[No tendria mucho sentido]} (15. bxc6 bxc6 {. Las blancas, que
han invertido ya dos tiempos en llegar con el peon a b5 perderian una jugadas
mas para... eliminar este peon y abrir perspectivas para los caballos negros.})
15... Bh5 16. Bf5 {[Un ataque violento del tipo]} (16. g4 Bg6 17. Bf5 b6 18.
Qc2 (18. h4 {seria prematuro por} h5) 18... Nb7 19. h4 O-O-O 20. h5 {fallaria
por} Bxf5 21. gxf5 Nc7 {seguido por f6 y Qe8xh5.}) 16... Bg6 17. Bxg6 hxg6 {
[Era muy tentadora la otra captura]} (17... fxg6 {para abrir la columna f para
las torres negras. Sin embargo las negras tendran que regrupar en el futuro
los caballos y entonces apareceria el peligro del avance e5-e6.}) 18. Ra2 {
Yudasin: White is planing to play 19.Rd2 Nc7 20.b6 so Black is forced to play 
[Creando una amenaza latenta sobre el peon d. Por desgracia para las blancas,
la casilla d2 esta disputada por varias figuras suyas: el alfil, el caballo de
b3, la torre... Todo esto dara tiempo a las negras de regruparse con exito]} b6
{Yudasin: Black's plan is very simple:1)to strengthen centre by Nc7;2)to put
second knight on"e6";3)to put the king in the safe place by 0-0-0 and finally
to begin an attack on the kingside.The plan is very long,but it's very
difficult to stop it.} 19. Be3 (19. Rd2 Nc7) 19... Nc7 20. Bg5 $5 {[Aunque con
perdida de tiempo no es una mala idea de cambiar este alfil malo]} Nde6 21.
Bxe7 Qxe7 22. Nbd2 {[Yegiazarian anticipa algunos peligros (Nf4, Nce6, Nxg2)
para su rey y se decide a reforzar la posicion del enroque.]} O-O-O {Yudasin:
Now look at the position four moves before.Black has ended the preliminary
part of his plan and now begins an attack. [En las variantes normales de Ruy
Lopez, las negras no podrian ni sonar con enrocarse en este flanco...]} 23. Nf1
(23. c4 {[%csl Rd6][%cal Gd2e4,Ge4d6] Yudasin,L was the only attempt to try to
get any counterplay.}) 23... Nf4 {Yudasin: knights made their work on 'c7' and
'e6' and now comes to the better places.} 24. Ng3 Nce6 {[Continua el baile de
los caballos negros sobre la casilla e6.]} 25. Rd2 {[#]Podemos apreciar que
los ambos bandos han terminado la segunda fase del desarrollo. La posicion de
las negras es muy solida con posibilidades de contrajuego tanto en el centro
como en el flanco de rey, pero en el caso de abrirse el juego (especialmente
la gran diagonal h1-a8) su rey podria quedar bastante expuesto. Tambien
molestaria mucho la penetracion de un caballo blanco a d6.} (25. Ne2 $5 {
Yudasin,L trying to change at least one of the strong knights.}) 25... Qd7 {
[Con la amenaza Nxg2.]} (25... Nxg2 26. Kxg2 Nf4+ 27. Kg1 Qe6 {no valia por}
28. Ng5) 26. c4 {[Practicamente forzado, pero ahora las negras se van a quedar
con un fuerte peon pasado.]} (26. Ne4 $2 {Yudasin,L is impossible in view of}
dxe4 $1 27. Rxd7 Rxd7 28. Nd2 Rhd8) 26... d4 {[Renovando la amenaza. Tambien
era interesante]} (26... Nxg2 27. Rxd5 (27. cxd5 Nxe1) 27... Qb7 28. Kxg2 Nf4+
29. Kg1 Nxd5 30. cxd5 Rxd5 {con juego complejo.}) 27. Re4 {[Una jugada
destinada a controlar la casilla f4. Las blancas no podian ignorar la amenaza
con]} (27. Ne4 Nxg2 28. Nd6+ (28. Kxg2 $2 Nf4+ 29. Kg3 Rxh3+ 30. Kxf4 Qf5#)
28... Kb8 29. Kxg2 Nf4+ 30. Kg3 Qxh3+ (30... Nh5+ 31. Kh2 Nf4 32. Kg3 $11 {
seria demasiado modesto...}) 31. Kxf4 Rxd6 $1 {con ataque decisiv.}) (27. Ne4
$5 {[%cal Ge4d6] Yudasin,L}) 27... Qb7 {[Con las demas figuras bien colocadas,
las negras siguen mover la dama, creando pequenas amenazas. Ahora por ejemplo
la idea seria Nh4.]} 28. Ng5 (28. Qe1 {seria bastante pasivo.}) 28... Rh4 (
28... Nxg5 {Yudasin,L} 29. Rxf4 Ne6 $5 (29... Rxh3 $2 30. Qg4+) (29... Qe7 $6 {
[%csl Re5]} 30. Ne4 $1 Nxe4 $1 (30... Ne6 $2 31. Nd6+ {[%cal Gd6c8,Gd6f7]}) (
30... Qxe5 31. Qg4+ (31. Nxg5 $2 Qxf4) 31... f5 32. Qxg5 Rh5 33. Qg3 $5 (33.
Qxg6 Qxf4 34. Qe6+ $1 Kb7 35. Qc6+ Ka7 36. Nxc5 $1 bxc5 37. Qxc5+ Kb7 38. Qc6+
Kb8 39. Qb6+ Kc8 40. Qa6+ Kb8 (40... Kd7 $2 41. Qb7+ $1 Ke6 (41... Qc7 42.
Rxd4+) 42. Re2+ Kf6 43. Qe7+ Kg6 44. Qxd8 $18) 41. Qb6+ $11) 33... fxe4 34.
Qg4+ Rf5 35. Rxe4) 31. Rxe4 Qe6 $15)) 29. Nxe6 fxe6 {[%cal Rf4h3,Gg6g4,Gd8f8,
Gf8h8]} 30. f3 Qe7 {[%csl Rg1][%cal Ge7g5]} 31. Ne2 Qg5 ({After} 31... g5 {
Yudasin,L} 32. Nxf4 gxf4 {is difficult to break through}) 32. Nxf4 Rxf4 33.
Rxf4 Qxf4 {[%csl Gd4,Re5] Yudasin: After these exchanges an advantage of Black
is not smaller,than it was before."e5" pawn is very weak and "d4" is strong
enough to decide the game. [Las blancas han conseguido por fin eliminar los
molestos caballos enemigos, pero con cada cambio aumenta la fuerza del peon
pasado.]} 34. Re2 $2 {[Con pocos minutos para alcanzar el control, Yegiazarian
se equivoca gravemente.]} (34. Qe2 {permitia resistir mas, aunque las negras
podrian continuar} Rd7 $1 {(con la amenaza 35...d3 36.Rxd3 Qxc4, clavando la
torre blanca, pero no directamente)} (34... d3 $2 35. Rxd3 Qxc4 $4 36. Rxd8+) (
34... Rh8 {[%csl Re5][%cal Gh8h5,Rh5e5] Yudasin,L}) 35. Kf2 (35. Qe4 Qxe4 36.
fxe4 d3 37. Kf2 Rd4 {con algo de ventaja.}) 35... Rf7) 34... d3 35. Re4 Qg5 36.
h4 $2 {[Un otro error, esta vez decisivo. Ahora las negras tendran una
posibilidad suplimentaria de abrir el juego. Como dijo mi contrincante despues
de la partida, en apuros de tiempo existe la tentacion de efectuar jugadas
"activas".]} Qh6 37. Kf2 d2 38. Ke2 g5 $1 $19 {[%csl Re2] Yudasin: After this
break Black wins simply.} 39. g3 (39. hxg5 $142 {Yudasin,L} Qxg5 40. Kf2 Kb8 $1
{and White in zugzwang.}) 39... gxh4 40. Rxh4 Qg5 {[%csl Re5,Rg3] Yudasin: The
rest is clear.} 41. Kf2 Qxe5 42. Re4 Qh5 43. Kg2 e5 {[No hay que darse prisa.
Con la dama en d1, las blancas no pueden emrender nada.]} 44. Rh4 Qf5 45. Rh1
Qd3 46. Rh4 Rf8 {[Con la amenaza Qxf3]} 47. Rh1 Kb8 $1 {[Para evitar cualquier
contrajuego basado en un jaque en g4.]} 48. Rf1 {[Las blancas no pueden
intentar]} (48. Qf1 Qxf1+ 49. Rxf1 {por} e4 50. f4 Rd8 51. Rd1 e3 52. Kf3 Rd3
53. Ke2 Rc3 54. f5 Kc7 55. g4 Kd6 56. g5 Rc1) 48... Rd8 49. Rh1 Qxc4 0-1

[Event "Andorra op 17th"]
[Site "Andorra"]
[Date "1999.06.28"]
[Round "3"]
[White "Mateo, Ramon"]
[Black "Marin, Mihail"]
[Result "0-1"]
[WhiteElo "2415"]
[BlackElo "2527"]
[Annotator "Marin,M"]
[PlyCount "58"]
[EventDate "1999.06.27"]
[EventType "swiss"]
[EventRounds "9"]
[EventCountry "AND"]
[SourceTitle "CBM 072"]
[Source "ChessBase"]
[SourceDate "1999.10.01"]
[SourceVersion "1"]
[SourceVersionDate "1999.10.01"]
[SourceQuality "1"]

1. e4 d6 2. d4 Nf6 3. Nc3 g6 4. f3 c6 5. Be3 b5 6. Qd2 Nbd7 7. g4 Nb6 8. g5
Nfd7 (8... Nh5 $5) 9. h4 Bg7 10. h5 Rg8 11. f4 Qc7 12. a4 b4 13. Nd1 a5 14. Nf2
c5 (14... Ba6 $5 {עe8}) 15. Nf3 Bb7 16. hxg6 hxg6 17. Bb5 (17. c3 $142) 17...
cxd4 18. Bxd4 O-O-O $15 19. Bxg7 Rxg7 20. b3 (20. Bxd7+ Nxd7 21. Nd4 Qb6 $15)
20... Nc5 21. Qe3 d5 $1 $17 22. O-O-O (22. e5 d4) 22... Rgg8 23. Rh7 (23. e5 d4
) (23. Ne5 dxe4 24. Rxd8+ Rxd8 25. Nxf7 Rf8 26. Ne5 Nd5 27. Qh3+ Kb8 $17) 23...
dxe4 24. Rxd8+ Rxd8 25. Ne5 Nd5 26. Qh3+ Kb8 27. Rh8 (27. Rxf7 e3 28. Nd1 Nxb3+
29. Kb2 Nd4 $19) 27... Nxb3+ 28. Qxb3 (28. Kb1 Nc3+ 29. Kb2 Nxb5 30. Rxd8+ Qxd8
31. axb5 (31. Kxb3 Qd5+ 32. Kb2 Qd4+ $19) 31... Qd4+ 32. Kxb3 Bd5+ 33. c4 bxc3+
$19) (28. Kb2 Qc3+ 29. Qxc3 bxc3+ $19) 28... Rxh8 29. Nxe4 Nc3 (29... Nc3 30.
Nxc3 Qxc3 $19) 0-1

[Event "ROM-ch"]
[Site "Bucharest"]
[Date "1998.12.11"]
[Round "4"]
[White "Florescu, Codrut Constantin"]
[Black "Marin, Mihail"]
[Result "1/2-1/2"]
[WhiteElo "2320"]
[BlackElo "2530"]
[Annotator "Marin,M"]
[PlyCount "61"]
[EventDate "1998.12.08"]
[EventType "tourn"]
[EventRounds "15"]
[EventCountry "ROU"]
[EventCategory "9"]
[SourceTitle "CBM 069"]
[Source "ChessBase"]
[SourceDate "1999.04.01"]
[SourceVersion "1"]
[SourceVersionDate "1999.04.01"]
[SourceQuality "1"]

1. e4 d6 2. d4 Nf6 3. Nc3 g6 4. Bg5 Bg7 5. Qd2 h6 6. Bh4 g5 7. Bg3 Nh5 8. O-O-O
c6 $6 9. Be2 $1 {N} (9. f4 $6 Nxf4 10. Bxf4 gxf4 11. Nf3 (11. Qxf4 Bxd4) 11...
h5 12. Kb1 Bh6 13. e5 Bg4 14. exd6 Qxd6 $13) 9... Nxg3 10. hxg3 b5 (10... Nd7
11. f4 c5) 11. f4 b4 12. Nb1 gxf4 (12... Qb6 13. fxg5 c5 14. dxc5 Qxc5 15. gxh6
) 13. gxf4 Qb6 (13... Qa5 14. a3) 14. Rh5 $1 $16 {(), @} Be6 15. c4 bxc3 16.
Nxc3 a5 17. f5 (17. e5 $16) 17... Bc8 18. Nf3 Nd7 19. g4 Nf6 20. Rh4 c5 (20...
h5 21. g5 Ng4 22. Bc4 $1 (22. Rdh1 Nf2) 22... Qb4 23. Qe2 a4 24. a3 Qa5 25.
Rdh1 $16) 21. Bb5+ Kf8 22. e5 cxd4 23. exf6 (23. Qxd4 Qxd4 24. Rxd4 Bb7 25.
exf6 Bxf6 26. g5 $1 hxg5 27. Rxh8+ Bxh8 28. Rd3 $14) 23... Bxf6 24. Nd5 $2 (24.
Qf2 $1 Qc5 25. Nxd4 $16 e5 $2 26. fxe6 Qg5+ 27. Kb1 Qxh4 28. Qg2 Rb8 29. Nf5
Qg5 30. Qc6 $18) 24... Qc5+ 25. Qc2 Qxb5 $2 (25... Bxh4 26. Qxc5 (26. Nxh4 Qxb5
) 26... dxc5 27. Nxh4 Rb8 28. Bc4 Rg8 $15) 26. Nxf6 exf6 27. Nxd4 Qc5 28. Qxc5
dxc5 29. Ne2 $16 Bb7 30. Nf4 Rg8 31. Rd7 $2 $138 {=} (31. Nh5 Bf3 32. Rg1 Ra6
33. Rg3 Ba8 34. Rd3 Ke7 35. Rh2 $16 Rxg4 36. Re2+ Be4 37. Rde3 $18) (31. Rd7
Bf3 32. Rxh6 Rxg4 33. Rxf6 (33. Rh8+ Rg8 34. Rxg8+ Kxg8 35. Rc7 Rd8 36. Rxc5
Rd4 $132) 33... Rxf4 34. Rfxf7+ $11) 1/2-1/2